000 00747nam a2200289Ia 4500
005 20260324124715.0
008 008 260324s9999 xx 000 0 eng d
020 _a9781315572130
037 _aEBOOK
040 _aCRL
040 _beng
040 _cCRL
041 _2eng
041 _aeng
084 _qCRL
100 _aCaroline Goodson; Anne E. Lester; Carol Symes
_91175199
245 0 _aCities, Texts and Social Networks, 400–1500
245 0 _bExperiences and Perceptions of Medieval Urban Space
260 _bTaylor and Francis
260 _c2010
365 _a
365 _b230
856 _uhttp://www.taylorfrancis.com/books/9781315572130
942 _cEBOOK
999 _c1769798
_d1769798